Ένας ηθοποιός δημιουργείται
Αποθηκεύτηκε σε:
| Κύριος συγγραφέας: | |
|---|---|
| Άλλοι συγγραφείς: | |
| Μορφή: | Βιβλίο |
| Γλώσσα: | Greek Russian |
| Δημοσίευση: |
Αθήνα :
Γκόνη,
2006.
|
| Θέματα: | |
| Ετικέτες: |
Προσθήκη ετικέτας
Δεν υπάρχουν, Καταχωρήστε ετικέτα πρώτοι!
|
MARC
| LEADER | 00000cam a2200000 a 4500 | ||
|---|---|---|---|
| 001 | 1/110809 | ||
| 008 | 160525s2006 gr | ||| |||| ||gre|| | ||
| 020 | |a 9608527198 | ||
| 040 | |a GR-MyUa |b gre |c GR-MyUa |e AACR2 | ||
| 041 | 1 | |a gre |h rus | |
| 082 | 7 | |a 792.028 |2 (23) | |
| 100 | 1 | |a Stanislavsky, Konstantin, |d 1863-1938. | |
| 245 | 1 | 6 | |a Ένας ηθοποιός δημιουργείται / |c Κονσταντίν Στανισλάβσκι ; μετάφραση Άγγελου Νίκα ; επιμέλεια μετάφρασης Χρήστου Βαχλιώτη. |
| 260 | |a Αθήνα : |b Γκόνη, |c 2006. | ||
| 300 | |a 331 σ. ; |c 21 εκ. | ||
| 650 | 0 | |a Method acting. | |
| 700 | 1 | |a Νίκας, Άγγελος, |e trl | |
| 852 | |a INST |b SAMOS |e 20161209 |h 792.028 STA |p 005300043949 |q 005300043949 |t BK |y 0 | ||
| 852 | |a INST |b SYROS |c EUDOXUS |e 20160525 |h 792.028 STA |p 005500012601 |q 005500012601 |t EDX |y 0 | ||
| 920 | |a Εύδοξος |b Παραγγελία |y Σύρος-ΤΜΣΠΣ |z 2016-05 | ||
| 970 | |a Κοντού |b Παρασκευή |z 25/05/2016 | ||